Könyvtári évforduló
Elmentve itt :
| Szerző: | |
|---|---|
| Dokumentumtípus: | Cikk |
| Megjelent: |
1970-04-26
|
| Sorozat: | Délmagyarország
60 No. 97 |
| Kulcsszavak: | Somogyi-könyvtár, Somogyi-könyvtár alapításának 90. évfordulója 1970 |
| Online Access: | http://dmarchiv.bibl.u-szeged.hu/73077 |
| LEADER | 00511nab a2200157 i 4500 | ||
|---|---|---|---|
| 001 | delm73077 | ||
| 005 | 20180928082556.0 | ||
| 008 | 180928s1970 hu o 0|| hun d | ||
| 040 | |a SZTE Délmagyarország Archívum |b hun | ||
| 041 | |a hun | ||
| 100 | 1 | |a Bezerédy István | |
| 245 | 1 | 0 | |a Könyvtári évforduló |h [elektronikus dokumentum] / |c Bezerédy István |
| 260 | |c 1970-04-26 | ||
| 300 | |a 4 | ||
| 490 | 0 | |a Délmagyarország |v 60 No. 97 | |
| 695 | |a Somogyi-könyvtár, Somogyi-könyvtár alapításának 90. évfordulója 1970 | ||